[Event "LXXIV C.to Italiano"]
[Site "Boscotrecase ITA"]
[Date "2014.11.30"]
[Round "7"]
[White "Rombaldoni, Denis"]
[Black "Brunello, Sabino"]
[WhiteElo "2480"]
[BlackElo "2568"]
[Result "0-1"]
[PlyCount "106"]
[EventDate "2014.11.23"]

1. Nf3 d5 2. g3 c6 3. Bg2 Bf5 4. c4 e6 5. Qb3 Qb6 6. cxd5 Qxb3 7. axb3 exd5 8.
d3 Nd7 9. Nc3 Ngf6 10. O-O Bc5 11. h3 h6 12. g4 Bh7 13. e4 dxe4 14. dxe4 O-O
15. Re1 Rfd8 16. e5 Ne8 17. Bd2 Bb4 18. Ne4 Bxd2 19. Nexd2 Nc5 20. Nc4 Nxb3 21.
Ra3 Nc5 22. Rea1 a6 23. Na5 Rd7 24. Rc1 Nd3 25. Rd1 Nxe5 26. Rxd7 Nxd7 27. Nxb7
Rb8 28. Na5 c5 29. Nc6 Rxb2 30. Rxa6 Nb6 31. Nfe5 c4 32. Ra7 Nd6 33. Bd5 c3 34.
Bxf7+ Nxf7 35. Rxf7 Be4 36. Rc7 Nd5 37. Rc8+ Kh7 38. Nd7 Rb1+ 39. Kh2 Rh1+ 40.
Kg3 Rg1+ 41. Kh2 Rg2+ 42. Kh1 Rxg4+ 43. f3 Bxf3+ 44. Kh2 Rg2+ 45. Kh1 g5 46.
Nd4 Be4 47. Re8 Rg4+ 48. Kh2 Rh4 49. Re5 Kg6 50. Re6+ Kg7 51. Re5 Kf7 52. Nc5
Nf6 53. Kg1 c2 0-1

[Event "LXXIV C.to Italiano"]
[Site "Boscotrecase ITA"]
[Date "2014.12.01"]
[Round "8"]
[White "Brunello, Sabino"]
[Black "Bellia, Fabrizio"]
[WhiteElo "2568"]
[BlackElo "2415"]
[Result "1/2-1/2"]
[PlyCount "45"]
[EventDate "2014.11.23"]

1. d4 Nf6 2. c4 e6 3. Nc3 Bb4 4. e3 O-O 5. Nge2 d5 6. a3 Be7 7. cxd5 exd5 8.
Nf4 Re8 9. Bd3 Bd6 10. O-O Bxf4 11. exf4 Nc6 12. Bc2 Ne7 13. f3 h5 14. Re1 Bf5
15. Be3 Bxc2 16. Qxc2 Qd7 17. Bf2 Nc6 18. Qd3 a6 19. h3 Rxe1+ 20. Rxe1 Re8 21.
Rxe8+ Nxe8 22. g4 f5 23. g5 1/2-1/2

[Event "LXXIV C.to Italiano"]
[Site "Boscotrecase ITA"]
[Date "2014.12.01"]
[Round "8"]
[White "Contin, Daniel"]
[Black "Bruno, Fabio"]
[WhiteElo "2327"]
[BlackElo "2436"]
[Result "0-1"]
[PlyCount "78"]
[EventDate "2014.11.23"]

1. e4 c5 2. Nf3 e6 3. c4 d6 4. d4 cxd4 5. Nxd4 Nf6 6. Nc3 a6 7. g3 Qc7 8. Qe2
b6 9. Bg2 Bb7 10. Bg5 Be7 11. Rc1 Nxe4 12. Nxe4 Bxg5 13. Nxe6 fxe6 14. Qh5+ g6
15. Qxg5 O-O 16. O-O Nc6 17. Rfd1 Rad8 18. Qe3 e5 19. h4 Nd4 20. h5 Bxe4 21.
Bxe4 gxh5 22. Kg2 Rf6 23. Rd2 Qg7 24. Rh1 Qh6 25. f4 Rdf8 26. Rxd4 exd4 27.
Qxd4 Qg7 28. Rxh5 h6 29. Kh2 Qg4 30. Rd5 Rxf4 31. gxf4 Qh4+ 32. Kg1 Rxf4 33.
Bh7+ Kxh7 34. Qd3+ Kg7 35. Qe3 Rg4+ 36. Kf1 Qh1+ 37. Kf2 Qh2+ 38. Kf1 Qg2+ 39.
Ke1 Re4 0-1

[Event "LXXIV C.to Italiano"]
[Site "Boscotrecase ITA"]
[Date "2014.12.01"]
[Round "8"]
[White "David, Alberto"]
[Black "Dvirnyy, Danyyil"]
[WhiteElo "2578"]
[BlackElo "2515"]
[Result "1/2-1/2"]
[PlyCount "39"]
[EventDate "2014.11.23"]

1. e4 e5 2. Nf3 Nc6 3. Bb5 Nf6 4. d3 Bc5 5. Bxc6 dxc6 6. Nbd2 Be6 7. O-O Nd7 8.
Nb3 Bd6 9. Na5 Rb8 10. Ng5 Qe7 11. Nxe6 Qxe6 12. Nc4 O-O 13. Be3 c5 14. a4 b6
15. Qh5 Rbe8 16. f4 exf4 17. Bxf4 g6 18. Qh4 Bxf4 19. Qxf4 Ne5 20. Nxe5 1/2-1/2

[Event "LXXIV C.to Italiano"]
[Site "Boscotrecase ITA"]
[Date "2014.12.01"]
[Round "8"]
[White "Genocchio, Daniele"]
[Black "Gilevych, Artem"]
[WhiteElo "2407"]
[BlackElo "2396"]
[Result "1-0"]
[PlyCount "55"]
[EventDate "2014.11.23"]

1. Nc3 e6 2. d4 d5 3. e4 Bb4 4. e5 c5 5. Bd2 Nc6 6. Nb5 Bxd2+ 7. Qxd2 Nxd4 8.
Nd6+ Kf8 9. O-O-O f6 10. f4 Nh6 11. c3 Nc6 12. Nf3 Nf7 13. Nxf7 Kxf7 14. Bd3 c4
15. Bc2 h6 16. g4 f5 17. Rhg1 g6 18. Qg2 Ne7 19. gxf5 exf5 20. Nd4 Be6 21. Bxf5
Bxf5 22. Nxf5 gxf5 23. Qg7+ Ke6 24. Qf6+ Kd7 25. Rg7 Qf8 26. Rf7 Qxf7 27. Qxf7
Kd8 28. e6 1-0

[Event "LXXIV C.to Italiano"]
[Site "Boscotrecase ITA"]
[Date "2014.12.01"]
[Round "8"]
[White "Godena, Michele"]
[Black "Rombaldoni, Denis"]
[WhiteElo "2495"]
[BlackElo "2480"]
[Result "1/2-1/2"]
[PlyCount "51"]
[EventDate "2014.11.23"]

1. e4 c5 2. Nf3 d6 3. Bb5+ Nd7 4. c3 Ngf6 5. Qe2 a6 6. Ba4 e5 7. d4 b5 8. Bc2
Be7 9. a4 Bb7 10. O-O O-O 11. Rd1 Qc7 12. dxe5 dxe5 13. Na3 Bc6 14. c4 b4 15.
Nb1 Rfd8 16. b3 Nf8 17. Rxd8 Rxd8 18. Bb2 Bd6 19. Nbd2 Ne6 20. Re1 Re8 21. Nf1
g6 22. N3d2 Nd4 23. Qd1 Qb7 24. Ne3 Kg7 25. Nd5 Bd7 26. Bd3 1/2-1/2

[Event "LXXIV C.to Italiano"]
[Site "Boscotrecase ITA"]
[Date "2014.12.01"]
[Round "8"]
[White "Rombaldoni, Axel"]
[Black "Altini, Nicola"]
[WhiteElo "2505"]
[BlackElo "2394"]
[Result "1-0"]
[PlyCount "63"]
[EventDate "2014.11.23"]

1. d4 d5 2. c4 c6 3. Nf3 Nf6 4. g3 Bg4 5. Ne5 Bf5 6. cxd5 Qxd5 7. f3 Bxb1 8.
Rxb1 e6 9. a3 Nbd7 10. e4 Qa5+ 11. b4 Qc7 12. Nc4 e5 13. dxe5 Nxe5 14. Nxe5
Qxe5 15. Qb3 Be7 16. Bf4 Qh5 17. g4 Qg6 18. Bd3 Nd7 19. O-O Qf6 20. Bg3 h5 21.
Rbe1 Qd4+ 22. Bf2 Qe5 23. Bg3 Qd4+ 24. Bf2 Qe5 25. f4 Qxf4 26. Bg3 Qxg4 27.
Qxf7+ Kd8 28. Be2 Qg5 29. Rd1 Kc8 30. Rxd7 Qe3+ 31. Kh1 Qxe4+ 32. Bf3 1-0

[Event "LXXIV C.to Italiano"]
[Site "Boscotrecase ITA"]
[Date "2014.12.02"]
[Round "9"]
[White "Altini, Nicola"]
[Black "Brunello, Sabino"]
[WhiteElo "2394"]
[BlackElo "2568"]
[Result "1/2-1/2"]
[PlyCount "38"]
[EventDate "2014.11.23"]

1. d4 Nf6 2. c4 g6 3. Nc3 d5 4. Nf3 Bg7 5. h4 dxc4 6. e4 O-O 7. Bxc4 c5 8. d5
b5 9. Bxb5 Nxe4 10. Nxe4 Qa5+ 11. Nc3 Bxc3+ 12. bxc3 Qxb5 13. h5 Bf5 14. hxg6
Bxg6 15. Ne5 Nd7 16. c4 Qa5+ 17. Bd2 Qc7 18. Nxd7 Qxd7 19. O-O Rfe8 1/2-1/2

[Event "LXXIV C.to Italiano"]
[Site "Boscotrecase ITA"]
[Date "2014.12.02"]
[Round "9"]
[White "Bellia, Fabrizio"]
[Black "Godena, Michele"]
[WhiteElo "2415"]
[BlackElo "2495"]
[Result "1/2-1/2"]
[PlyCount "32"]
[EventDate "2014.11.23"]

1. d4 d5 2. Nf3 Nf6 3. c4 dxc4 4. e3 b5 5. a4 b4 6. Bxc4 e6 7. O-O Be7 8. Nbd2
O-O 9. Qe2 Bb7 10. Rd1 Nbd7 11. b3 c5 12. Bb2 Qc7 13. Rac1 Rfd8 14. e4 Bf8 15.
Ba6 Qb6 16. Bd3 h6 1/2-1/2

[Event "LXXIV C.to Italiano"]
[Site "Boscotrecase ITA"]
[Date "2014.12.02"]
[Round "9"]
[White "Bruno, Fabio"]
[Black "Genocchio, Daniele"]
[WhiteElo "2436"]
[BlackElo "2407"]
[Result "1-0"]
[PlyCount "81"]
[EventDate "2014.11.23"]

1. Nf3 g6 2. c4 Bg7 3. d4 d6 4. Nc3 Nd7 5. e4 e5 6. Be2 Ngf6 7. O-O O-O 8. Be3
Re8 9. d5 Ng4 10. Bg5 f6 11. Bh4 h5 12. Nd2 Nf8 13. h3 Nh6 14. b4 a5 15. bxa5
c5 16. dxc6 bxc6 17. c5 Qxa5 18. Rc1 d5 19. exd5 Nf5 20. Nc4 Qxc5 21. Ne4 Qe7
22. Nb6 Nxh4 23. Nxa8 Qa7 24. Nd6 Rd8 25. Nxc8 Rxc8 26. dxc6 Qxa8 27. Qb3+ Kh7
28. Qb7 Ne6 29. Ba6 Rb8 30. Qxa8 Rxa8 31. Bc4 Nc7 32. Rfd1 Nf5 33. Rd7 Rc8 34.
Rb1 Ne8 35. Rb6 Nd4 36. Bf7 Nc7 37. Rb7 Nce6 38. Bxe6 Nxe6 39. c7 Re8 40. Rxg7+
Nxg7 41. Rb8 1-0

[Event "LXXIV C.to Italiano"]
[Site "Boscotrecase ITA"]
[Date "2014.12.02"]
[Round "9"]
[White "Dvirnyy, Danyyil"]
[Black "Rombaldoni, Axel"]
[WhiteElo "2515"]
[BlackElo "2505"]
[Result "1/2-1/2"]
[PlyCount "43"]
[EventDate "2014.11.23"]

1. c4 c5 2. g3 g6 3. Bg2 Bg7 4. e3 Nc6 5. Ne2 d6 6. Nbc3 Be6 7. d3 Nf6 8. h3
O-O 9. O-O Qc8 10. Kh2 Rb8 11. e4 a6 12. Be3 b5 13. b3 Nd4 14. Rc1 b4 15. Nd5
Bxd5 16. cxd5 Nxe2 17. Qxe2 Qb7 18. d4 cxd4 19. Bxd4 Ng4+ 20. hxg4 Bxd4 21. Rc6
Rfc8 22. Rfc1 1/2-1/2

[Event "LXXIV C.to Italiano"]
[Site "Boscotrecase ITA"]
[Date "2014.12.02"]
[Round "9"]
[White "Gilevych, Artem"]
[Black "David, Alberto"]
[WhiteElo "2396"]
[BlackElo "2578"]
[Result "1/2-1/2"]
[PlyCount "81"]
[EventDate "2014.11.23"]

1. d4 Nf6 2. c4 e6 3. Nf3 b6 4. a3 Bb7 5. Nc3 d5 6. cxd5 Nxd5 7. Qc2 Nxc3 8.
Qxc3 h6 9. Bf4 Bd6 10. Bxd6 cxd6 11. e3 O-O 12. Be2 Nc6 13. O-O Rc8 14. Qd3 Na5
15. Rfc1 Bxf3 16. Bxf3 d5 17. Rc3 Qd7 18. Rac1 Nc4 19. b3 Nd6 20. a4 Rxc3 21.
Rxc3 Rc8 22. Qc2 Kf8 23. h3 Ke7 24. Kf1 Kd8 25. Ke2 Rxc3 26. Qxc3 Qb7 27. Kd2
Kd7 28. Kd1 Qb8 29. Be2 Ne4 30. Bb5+ Ke7 31. Qb4+ Qd6 32. Qxd6+ Kxd6 33. f3
Nc3+ 34. Kd2 Nxb5 35. axb5 f5 36. f4 g6 37. Kd3 Kc7 38. Kc3 Kb7 39. Kb4 Kc7 40.
Kc3 Kb7 41. Kb4 1/2-1/2

[Event "LXXIV C.to Italiano"]
[Site "Boscotrecase ITA"]
[Date "2014.12.02"]
[Round "9"]
[White "Rombaldoni, Denis"]
[Black "Contin, Daniel"]
[WhiteElo "2480"]
[BlackElo "2327"]
[Result "1-0"]
[PlyCount "49"]
[EventDate "2014.11.23"]

1. d4 Nf6 2. c4 e6 3. Nc3 Bb4 4. Bd2 c5 5. dxc5 Bxc5 6. Nf3 Nc6 7. g3 d5 8.
cxd5 exd5 9. Bg2 O-O 10. O-O d4 11. Na4 Be7 12. Rc1 Be6 13. a3 a5 14. Ng5 Bd5
15. Bxd5 Nxd5 16. Nf3 Qd7 17. Qb3 Rfe8 18. Rfd1 Qe6 19. Qxb7 Qxe2 20. Qxc6 Qxf3
21. Nb6 Rad8 22. Re1 Kf8 23. Bxa5 Rd6 24. Qxd6 Ne3 25. Qc6 1-0

[Event "LXXIV C.to Italiano"]
[Site "Boscotrecase ITA"]
[Date "2014.12.03"]
[Round "10"]
[White "Contin, Daniel"]
[Black "Bellia, Fabrizio"]
[WhiteElo "2327"]
[BlackElo "2415"]
[Result "1/2-1/2"]
[PlyCount "21"]
[EventDate "2014.11.23"]

1. Nf3 f5 2. g3 Nf6 3. Bg2 g6 4. c4 Bg7 5. O-O O-O 6. d3 d6 7. Nc3 e5 8. Rb1
Nbd7 9. b4 a6 10. Qc2 c6 11. Nd2 1/2-1/2

[Event "LXXIV C.to Italiano"]
[Site "Boscotrecase ITA"]
[Date "2014.12.03"]
[Round "10"]
[White "David, Alberto"]
[Black "Bruno, Fabio"]
[WhiteElo "2578"]
[BlackElo "2436"]
[Result "1/2-1/2"]
[PlyCount "89"]
[EventDate "2014.11.23"]

1. e4 e6 2. d4 d5 3. Nc3 Bb4 4. e5 Ne7 5. a3 Bxc3+ 6. bxc3 c5 7. h4 Qa5 8. Bd2
Qa4 9. Qb1 c4 10. Ne2 Nbc6 11. Nf4 Bd7 12. g3 O-O-O 13. Bh3 Kb8 14. O-O h6 15.
Bg4 g6 16. Qc1 Rh7 17. Re1 Bc8 18. Ng2 Rdh8 19. Ne3 Qa5 20. Qd1 Nf5 21. Nf1
Nce7 22. Nh2 g5 23. h5 f6 24. exf6 Ng8 25. Qe2 Rf7 26. Bxf5 exf5 27. Qe8 Qc7
28. Nf3 Rfh7 29. Qe5 Rf7 30. Qe8 Rxf6 31. Nxg5 hxg5 32. Bxg5 Qc6 33. Bf4+ Ka8
34. Qxc6 Rxc6 35. Re8 b6 36. Be5 Rxh5 37. Rxg8 Rh7 38. Re1 Kb7 39. Bf4 Re6 40.
Rxe6 Bxe6 41. Re8 Bd7 42. Re5 Kc6 43. f3 Rh8 44. Kg2 Re8 45. Rxe8 1/2-1/2

[Event "LXXIV C.to Italiano"]
[Site "Boscotrecase ITA"]
[Date "2014.12.03"]
[Round "10"]
[White "Dvirnyy, Danyyil"]
[Black "Gilevych, Artem"]
[WhiteElo "2515"]
[BlackElo "2396"]
[Result "1-0"]
[PlyCount "97"]
[EventDate "2014.11.23"]

1. e4 e5 2. Nf3 Nf6 3. Nc3 Nc6 4. Bb5 Bb4 5. O-O O-O 6. d3 d6 7. Ne2 Ne7 8. Ng3
c6 9. Ba4 Ng6 10. c3 Ba5 11. d4 Bc7 12. Re1 Be6 13. Bc2 Re8 14. h3 d5 15. dxe5
Nxe4 16. Nxe4 dxe4 17. Bxe4 Qxd1 18. Rxd1 Nxe5 19. Ng5 Ng6 20. Nxe6 Rxe6 21.
Bc2 Rae8 22. Be3 Bb6 23. Bxb6 axb6 24. Rd7 R6e7 25. Rad1 Kf8 26. g3 b5 27. h4
Ne5 28. Rxe7 Kxe7 29. Kg2 Ra8 30. Bb3 Nc4 31. Bxc4 bxc4 32. a3 Ra5 33. Kf3 Rb5
34. Rd2 Ke6 35. Ke3 Re5+ 36. Kf3 h5 37. Rd4 b5 38. a4 Re1 39. Re4+ Rxe4 40.
Kxe4 bxa4 41. Kd4 Kf5 42. Kxc4 Ke4 43. Kb4 Kf3 44. Kxa4 Kxf2 45. b4 Kxg3 46. c4
Kf4 47. b5 Ke5 48. b6 Kd6 49. Ka5 1-0

[Event "LXXIV C.to Italiano"]
[Site "Boscotrecase ITA"]
[Date "2014.12.03"]
[Round "10"]
[White "Genocchio, Daniele"]
[Black "Rombaldoni, Denis"]
[WhiteElo "2407"]
[BlackElo "2480"]
[Result "1/2-1/2"]
[PlyCount "88"]
[EventDate "2014.11.23"]

1. e4 d6 2. Nc3 Nf6 3. f4 g6 4. d4 Bg7 5. Nf3 O-O 6. Be3 d5 7. e5 Ng4 8. Bg1 f6
9. h3 Nh6 10. Qd2 c6 11. g4 b5 12. O-O-O f5 13. g5 Nf7 14. h4 e6 15. h5 Re8 16.
Ne2 Nd7 17. Ng3 Nh8 18. Be3 a5 19. Rh3 Kf7 20. Qh2 Rg8 21. Be2 b4 22. Rh1 Ba6
23. Bd1 Bc4 24. b3 Bb5 25. Kd2 a4 26. Ke1 axb3 27. axb3 Ra2 28. Qg1 Qa8 29.
R1h2 Ra1 30. Qh1 Rb1 31. Rd2 Qa1 32. Kf2 Ra8 33. Nh4 Qb2 34. Qf3 Raa1 35. Rh1
Kg8 36. Kg2 Rc1 37. Ne2 Rcb1 38. Ng3 Rc1 39. Ne2 Rcb1 40. hxg6 hxg6 41. Kf2 Nb6
42. Ng3 Nd7 43. Ne2 Nb6 44. Ng3 Nd7 1/2-1/2

[Event "LXXIV C.to Italiano"]
[Site "Boscotrecase ITA"]
[Date "2014.12.03"]
[Round "10"]
[White "Godena, Michele"]
[Black "Altini, Nicola"]
[WhiteElo "2495"]
[BlackElo "2394"]
[Result "1/2-1/2"]
[PlyCount "76"]
[EventDate "2014.11.23"]

1. d4 Nf6 2. Nf3 d5 3. c4 c6 4. Nc3 dxc4 5. a4 Bf5 6. Ne5 Nbd7 7. Nxc4 Qc7 8.
g3 e5 9. dxe5 Nxe5 10. Bf4 Nfd7 11. Bg2 f6 12. Nxe5 fxe5 13. Bg5 Nc5 14. O-O
Be7 15. Bxe7 Qxe7 16. b4 Rd8 17. Nd5 cxd5 18. bxc5 Qxc5 19. Rc1 Qd6 20. Qb3 O-O
21. Qxb7 Rd7 22. Qb3 Be6 23. Rfd1 Rb8 24. Qc3 d4 25. Qa5 Bg4 26. Rc6 Qe7 27.
Bd5+ Kh8 28. f3 Bf5 29. Rdc1 Rbd8 30. Be4 Bxe4 31. fxe4 Qg5 32. Kg2 d3 33. h4
Qg4 34. Rc8 Qxe4+ 35. Kh3 Qf5+ 36. Kg2 Qe4+ 37. Kh3 Qf5+ 38. Kg2 Qe4+ 1/2-1/2

[Event "LXXIV C.to Italiano"]
[Site "Boscotrecase ITA"]
[Date "2014.12.03"]
[Round "10"]
[White "Rombaldoni, Axel"]
[Black "Brunello, Sabino"]
[WhiteElo "2505"]
[BlackElo "2568"]
[Result "1-0"]
[PlyCount "57"]
[EventDate "2014.11.23"]

1. d4 d5 2. c4 c6 3. Nf3 Nf6 4. g3 Bf5 5. Bg2 e6 6. O-O Nbd7 7. cxd5 exd5 8.
Nh4 Be6 9. Nc3 Be7 10. Qd3 O-O 11. Nf5 Re8 12. Nxe7+ Qxe7 13. h3 Nb6 14. g4
Nfd7 15. a4 a5 16. b3 Nf8 17. Ba3 Qd7 18. Qg3 Ng6 19. e3 Qd8 20. Ne2 Nd7 21. f4
f5 22. g5 b5 23. axb5 cxb5 24. Bc5 b4 25. Rfc1 Qb8 26. h4 Ne7 27. Bf3 a4 28.
Rxa4 Rxa4 29. bxa4 1-0

[Event "LXXIV C.to Italiano"]
[Site "Boscotrecase ITA"]
[Date "2014.12.04"]
[Round "11"]
[White "Altini, Nicola"]
[Black "Contin, Daniel"]
[WhiteElo "2394"]
[BlackElo "2327"]
[Result "1-0"]
[PlyCount "107"]
[EventDate "2014.11.23"]

1. d4 Nf6 2. c4 e6 3. Nc3 Bb4 4. e3 c5 5. Nge2 cxd4 6. exd4 d5 7. a3 Bxc3+ 8.
Nxc3 dxc4 9. Bxc4 Nc6 10. Be3 O-O 11. O-O Ne7 12. Qf3 Qa5 13. Rac1 Bd7 14. Ne4
Nxe4 15. Qxe4 Bc6 16. Qe5 Qxe5 17. dxe5 Nf5 18. Bc5 Rfd8 19. Rfd1 Rdc8 20. Ba2
b6 21. Bb4 Ba4 22. Rxc8+ Rxc8 23. b3 Bb5 24. h3 a5 25. Be1 g5 26. a4 Be2 27.
Rd2 Rc1 28. Rxe2 Nd4 29. Re4 Nc2 30. Kf1 Ra1 31. g4 h6 32. Re2 Nb4 33. Kg2 Nd5
34. Kf1 Nc3 35. Rb2 Nxa2 36. Ke2 Nb4 37. Bxb4 axb4 38. Kd3 Re1 39. Re2 Rc1 40.
Rc2 Rh1 41. Kc4 Rxh3 42. Kxb4 Rf3 43. Rb2 f5 44. exf6 Rxf6 45. Kb5 e5 46. b4 e4
47. a5 bxa5 48. bxa5 Rf8 49. Kc5 Ra8 50. Ra2 h5 51. gxh5 Kg7 52. Kd4 Ra6 53.
Kxe4 Kh6 54. Kf5 1-0

[Event "LXXIV C.to Italiano"]
[Site "Boscotrecase ITA"]
[Date "2014.12.04"]
[Round "11"]
[White "Bellia, Fabrizio"]
[Black "Genocchio, Daniele"]
[WhiteElo "2415"]
[BlackElo "2407"]
[Result "1/2-1/2"]
[PlyCount "22"]
[EventDate "2014.11.23"]

1. e4 e5 2. Nf3 Nc6 3. Bb5 Nf6 4. d3 Bc5 5. Bxc6 dxc6 6. O-O Bg4 7. h3 Bh5 8.
Be3 Qe7 9. Nbd2 Nd7 10. Qe2 g5 11. Bxc5 Nxc5 1/2-1/2

[Event "LXXIV C.to Italiano"]
[Site "Boscotrecase ITA"]
[Date "2014.12.04"]
[Round "11"]
[White "Brunello, Sabino"]
[Black "Godena, Michele"]
[WhiteElo "2568"]
[BlackElo "2495"]
[Result "1/2-1/2"]
[PlyCount "122"]
[EventDate "2014.11.23"]

1. e4 d5 2. Nc3 dxe4 3. Nxe4 Qd5 4. Nc3 Qd6 5. d4 Nf6 6. Nb5 Qb6 7. c4 c6 8.
Nc3 g6 9. h3 Bg7 10. Nf3 O-O 11. Bd3 Nbd7 12. O-O Qc7 13. Re1 Re8 14. c5 b6 15.
cxb6 axb6 16. Bg5 Ba6 17. Bxa6 Rxa6 18. Rc1 Qd6 19. a3 Ra5 20. Rc2 c5 21. Rd2
cxd4 22. Rxd4 Qc6 23. Be3 Raa8 24. Qb3 Nc5 25. Qxf7+ Kxf7 26. Ne5+ Kg8 27. Nxc6
e5 28. Rd6 e4 29. Nb4 Nfd7 30. Bd4 Ne5 31. Bxe5 Bxe5 32. Rxb6 Bxc3 33. bxc3
Rxa3 34. Nd5 Re5 35. c4 Kg7 36. Rc6 Nd3 37. Rc7+ Kh6 38. Rb1 Ra2 39. Rf1 g5 40.
Rc6+ Kg7 41. Rc7+ Kg6 42. Rb1 Re6 43. Rbb7 Kf5 44. Rxh7 Ke5 45. Rbf7 Kd4 46.
Rhg7 Re5 47. Ne3 Rxf2 48. Rxf2 Kxe3 49. Rc2 Nc5 50. Rg8 Kd3 51. Rc1 Kd2 52. Ra1
Ne6 53. Rga8 e3 54. R8a2+ Kc3 55. g3 Nc5 56. Rc1+ Kd4 57. Kg2 Nd3 58. Rb1 e2
59. Kf3 e1=Q 60. Rxe1 Nxe1+ 61. Kg4 Kxc4 1/2-1/2

[Event "LXXIV C.to Italiano"]
[Site "Boscotrecase ITA"]
[Date "2014.12.04"]
[Round "11"]
[White "Bruno, Fabio"]
[Black "Dvirnyy, Danyyil"]
[WhiteElo "2436"]
[BlackElo "2515"]
[Result "0-1"]
[PlyCount "60"]
[EventDate "2014.11.23"]

1. d4 Nf6 2. Nf3 g6 3. c4 Bg7 4. Nc3 d5 5. e3 O-O 6. b4 a5 7. b5 c5 8. dxc5
Nbd7 9. Ba3 Ne4 10. Nxe4 dxe4 11. Nd4 Qc7 12. c6 bxc6 13. Nxc6 Bc3+ 14. Ke2 Ne5
15. f3 exf3+ 16. gxf3 Nxc6 17. bxc6 Rd8 18. Qc1 Qe5 19. Rb1 Bd2 20. Qxd2 Rxd2+
21. Kxd2 Bf5 22. Bd3 Bxd3 23. Kxd3 Rd8+ 24. Kc2 Qf5+ 25. Kb3 Rb8+ 26. Ka4 Qc2+
27. Kxa5 Qc3+ 28. Ka4 Qxc4+ 29. Ka5 Qc3+ 30. Ka4 Qxc6+ 0-1

[Event "LXXIV C.to Italiano"]
[Site "Boscotrecase ITA"]
[Date "2014.12.04"]
[Round "11"]
[White "Gilevych, Artem"]
[Black "Rombaldoni, Axel"]
[WhiteElo "2396"]
[BlackElo "2505"]
[Result "0-1"]
[PlyCount "100"]
[EventDate "2014.11.23"]

1. e4 c5 2. a3 g6 3. h4 h6 4. Bc4 Nc6 5. Nc3 Nf6 6. d3 e6 7. Bf4 d6 8. Nge2 a6
9. Ng3 Bg7 10. Ba2 b5 11. Be3 Rb8 12. f3 Qe7 13. Kf2 Bd7 14. Qd2 a5 15. Rae1 b4
16. axb4 axb4 17. Nce2 e5 18. Ra1 Be6 19. h5 g5 20. Bc4 O-O 21. Bxg5 hxg5 22.
h6 Bh8 23. h7+ Nxh7 24. Rh5 f5 25. Rah1 Bxc4 26. dxc4 Nd4 27. Nxd4 exd4 28.
Nxf5 Rxf5 29. Rxh7 Bg7 30. exf5 b3 31. cxb3 Rxb3 32. Re1 Qe3+ 33. Rxe3 dxe3+
34. Qxe3 Bd4 35. Qxd4 cxd4 36. Rd7 Rxb2+ 37. Kg3 Rb6 38. Kg4 d3 39. c5 Rc6 40.
Kxg5 d2 41. Kg6 Kf8 42. f6 Ke8 43. Ra7 dxc5 44. Ra8+ Kd7 45. Ra1 c4 46. Kg7 c3
47. Ra7+ Rc7 48. Rxc7+ Kxc7 49. f7 d1=Q 50. f8=Q Qd7+ 0-1

[Event "LXXIV C.to Italiano"]
[Site "Boscotrecase ITA"]
[Date "2014.12.04"]
[Round "11"]
[White "Rombaldoni, Denis"]
[Black "David, Alberto"]
[WhiteElo "2480"]
[BlackElo "2578"]
[Result "1/2-1/2"]
[PlyCount "67"]
[EventDate "2014.11.23"]

1. Nf3 d5 2. g3 g6 3. d4 Bg7 4. c4 Nf6 5. cxd5 Nxd5 6. Bg2 Nb6 7. Nc3 Nc6 8. e3
O-O 9. O-O Re8 10. Nh4 e5 11. d5 Nb8 12. e4 c6 13. Qb3 cxd5 14. exd5 Na6 15.
Be3 Bg4 16. a4 Rc8 17. a5 Nc4 18. Bxa7 g5 19. Nf3 e4 20. Nd4 Nd2 21. Qxb7 Nc5
22. Bxc5 Rxc5 23. a6 Bxd4 24. a7 Rc8 25. Nxe4 Nxf1 26. d6 Bf5 27. Kxf1 Bxe4 28.
Bxe4 Qf6 29. f3 Qxd6 30. a8=Q Rxa8 31. Rxa8 Rxa8 32. Qxa8+ Kg7 33. Qa5 h6 34.
b3 1/2-1/2

[Event "I Open Re Autunno"]
[Site "Ghedi ITA"]
[Date "2014.11.08"]
[Round "1"]
[White "Brugaletta, Alessandro"]
[Black "Fuccio, Sergio"]
[WhiteElo "1455"]
[BlackElo "1882"]
[Result "0-1"]
[PlyCount "116"]
[EventDate "2014.11.08"]

1. e4 g6 2. Nc3 Bg7 3. b3 d6 4. Bb2 Nf6 5. Nf3 a6 6. d3 Bg4 7. Be2 O-O 8. h3
Bd7 9. O-O c5 10. Qd2 Nc6 11. Nd1 Qc7 12. c4 Rad8 13. Nc3 e6 14. a4 Bc8 15.
Rfd1 b6 16. Rab1 Bb7 17. Qc2 Nb4 18. Qd2 d5 19. e5 Nd7 20. d4 cxd4 21. Qxd4
Nxe5 22. Nxe5 Bxe5 23. Qh4 Bh2+ 24. Kh1 Qf4 25. Qxf4 Bxf4 26. cxd5 Nxd5 27.
Nxd5 exd5 28. Bf3 f6 29. Rd4 Be5 30. Rb4 Bxb2 31. Rxb2 Rd6 32. Rd2 Rfd8 33. a5
b5 34. Rbd4 Kf7 35. Kh2 f5 36. Kg3 Kf6 37. Kf4 g5+ 38. Kg3 Ke5 39. h4 g4 40.
Be2 Rc8 41. Bd1 Rc3+ 42. R2d3 Rxd3+ 43. Rxd3 d4 44. f3 h5 45. fxg4 fxg4 46. Bc2
Be4 47. Rd2 Bxc2 48. Rxc2 d3 49. Rd2 Ke4 50. Kf2 Rc6 51. g3 Rc2 52. Ke1 Rxd2
53. Kxd2 Kf3 54. Kxd3 Kxg3 55. Kd4 Kf4 56. Kc5 g3 57. Kb6 g2 58. Kxa6 g1=Q 0-1

[Event "I Open Re Autunno"]
[Site "Ghedi ITA"]
[Date "2014.11.08"]
[Round "1"]
[White "Folcini, Gaddo"]
[Black "Pesci, Silvio"]
[WhiteElo "1609"]
[BlackElo "1425"]
[Result "1-0"]
[PlyCount "66"]
[EventDate "2014.11.08"]

1. e4 e5 2. d4 Nc6 3. d5 Nce7 4. Bg5 f6 5. Be3 Ng6 6. Be2 Bb4+ 7. c3 Bd6 8. h4
h6 9. Bh5 N8e7 10. Qg4 Kf7 11. Rh3 Rh7 12. Rg3 Qf8 13. Bxg6+ Nxg6 14. Qxg6+ Kg8
15. Bxh6 c6 16. Be3 cxd5 17. h5 dxe4 18. Qxe4 f5 19. Qd5+ Kh8 20. Rg6 f4 21.
Bxa7 Bc7 22. Bc5 Qe8 23. Rg5 Ra6 24. Nd2 d6 25. Ba3 Qe7 26. Ngf3 Ra5 27. Qe4
Qf7 28. O-O-O Qxa2 29. Qg6 Qg8 30. Ne4 Bd8 31. Nxd6 Be6 32. Rxe5 Rxe5 33. Nxe5
Qf8 1-0

[Event "I Open Re Autunno"]
[Site "Ghedi ITA"]
[Date "2014.11.08"]
[Round "1"]
[White "Peloni, Davide"]
[Black "Paglia, Angelo"]
[WhiteElo "1425"]
[BlackElo "1694"]
[Result "0-1"]
[PlyCount "92"]
[EventDate "2014.11.08"]

1. e4 e5 2. d4 exd4 3. c3 d3 4. Bxd3 Nc6 5. Nf3 d6 6. Bf4 Be7 7. O-O Nf6 8. Re1
O-O 9. Qb3 Nh5 10. Be3 Ne5 11. Nxe5 dxe5 12. Bc4 Nf6 13. Nd2 Ng4 14. Rad1 Bd6
15. h3 Nf6 16. Nf3 Qe7 17. Bg5 Bd7 18. Re3 h6 19. Bh4 b5 20. Bd5 c6 21. Red3
cxd5 22. Rxd5 Be6 23. Bxf6 Qxf6 24. Rxd6 Bxb3 25. Rxf6 Bxd1 26. Rf5 Bxf3 27.
Rxf3 Rad8 28. Rf5 f6 29. Rf3 Rd2 30. c4 bxc4 31. Ra3 Rb8 32. Rxa7 Rbxb2 33. Rc7
Rxf2 34. Rxc4 Rxg2+ 35. Kf1 Rgc2 36. Rxc2 Rxc2 37. a4 Ra2 38. h4 Kf7 39. h5 g6
40. hxg6+ Kxg6 41. Kg1 Kg5 42. a5 Kf4 43. a6 Kf3 44. a7 Rxa7 45. Kh2 Ra1 46.
Kh3 Rh1# 0-1

[Event "I Open Re Autunno"]
[Site "Ghedi ITA"]
[Date "2014.11.08"]
[Round "1"]
[White "Poletti, Fausto"]
[Black "Fausti, Mattia"]
[WhiteElo "1912"]
[BlackElo "1466"]
[Result "1-0"]
[PlyCount "53"]
[EventDate "2014.11.08"]

1. c4 e5 2. Nc3 Nf6 3. g3 c6 4. e4 Bc5 5. Bg2 O-O 6. Nge2 d6 7. O-O Be6 8. b3
Qd7 9. d4 Bb4 10. Bg5 Qe7 11. d5 cxd5 12. Bxf6 Qxf6 13. Nxd5 Bxd5 14. Qxd5 Nc6
15. a3 Ba5 16. b4 Bc7 17. Nc3 a6 18. b5 axb5 19. Qxb5 Ra7 20. Nd5 Qd8 21. c5
Qd7 22. Rfd1 Rd8 23. a4 Ne7 24. Qxd7 Rxd7 25. Nxc7 Rxc7 26. cxd6 Rd7 27. dxe7
1-0

[Event "I Open Re Autunno"]
[Site "Ghedi ITA"]
[Date "2014.11.09"]
[Round "2"]
[White "Brugaletta, Giorgio"]
[Black "Murli, Almerico"]
[WhiteElo "1702"]
[BlackElo "1790"]
[Result "1-0"]
[PlyCount "83"]
[EventDate "2014.11.08"]

1. c4 g6 2. d4 Bg7 3. Nc3 Nf6 4. e4 d6 5. Nf3 O-O 6. h3 e5 7. d5 a5 8. Bd3 Na6
9. a3 Nc5 10. Bc2 Bd7 11. O-O h6 12. Be3 b6 13. a4 Na6 14. Nh2 Nh5 15. Qd2 Kh7
16. f4 exf4 17. Bxf4 Nxf4 18. Rxf4 Be5 19. Rf3 h5 20. Raf1 Qe7 21. Qf2 Kg7 22.
Kh1 Nc5 23. b3 f6 24. Ne2 Rae8 25. Nf4 Qf7 26. h4 Re7 27. g3 Bg4 28. Nxg4 hxg4
29. Re3 Bd4 30. Qe2 Bxe3 31. Qxe3 Rfe8 32. Qc3 Re5 33. Kg2 Rh8 34. Qd4 Kf8 35.
Qd1 Qd7 36. Nxg6+ Kg7 37. Nxh8 Kxh8 38. Rxf6 Nxe4 39. Bxe4 Rxe4 40. Qf1 Re7 41.
Rf8+ Kg7 42. Qf6+ 1-0